|
|
|
|
| LEADER |
00000nam0a2200000 4500 |
| 001 |
248890 |
| 005 |
20231031212705.0 |
| 035 |
|
|
|a (RuTPU)RU\TPU\book\270808
|
| 090 |
|
|
|a 248890
|
| 100 |
|
|
|a 20140128d1976 m y0rusy50 ca
|
| 101 |
0 |
|
|a rus
|
| 102 |
|
|
|a RU
|
| 105 |
|
|
|a a z 001ay
|
| 200 |
1 |
|
|a Зарубежная литература. Эпоха Возрождения
|e хрестоматия
|e учебное пособие
|f сост. Б. И. Пурищев
|
| 205 |
|
|
|a 2-е изд.
|
| 210 |
|
|
|a Москва
|c Просвещение
|d 1976
|
| 215 |
|
|
|a 638 с.
|c ил.
|
| 320 |
|
|
|a Примечания: с.616-626
|
| 320 |
|
|
|a Список литературы: с.627-638
|
| 333 |
|
|
|a Исключено из фонда НТБ ТПУ
|
| 675 |
|
|
|a 89
|v 3
|
| 702 |
|
1 |
|a Пурищев
|b Б. И.
|4 220
|
| 801 |
|
1 |
|a RU
|b 63413507
|c 20140128
|
| 801 |
|
2 |
|a RU
|b 63413507
|c 20210421
|g RCR
|
| 942 |
|
|
|c BK
|